Transport co-ordination bill, 1959 (Record no. 498528)

000 -LEADER
fixed length control field 00299cam a22001097a 4500
008 - FIXED-LENGTH DATA ELEMENTS--GENERAL INFORMATION
fixed length control field 180718b1959 xxu||||| |||| 00| 0 eng d
082 ## - DEWEY DECIMAL CLASSIFICATION NUMBER
Classification number W03x54 In2/1959b
100 ## - MAIN ENTRY--PERSONAL NAME
Personal name Sinha, Jhulan
245 ## - TITLE STATEMENT
Title Transport co-ordination bill, 1959
Statement of responsibility, etc. by Jhulan Sinha
260 ## - PUBLICATION, DISTRIBUTION, ETC.
Place of publication, distribution, etc. Delhi
Name of publisher, distributor, etc. Lok Sabha
Date of publication, distribution, etc. 1959
300 ## - PHYSICAL DESCRIPTION
Extent 4p.
Holdings
Withdrawn status Lost status Damaged status Not for loan Permanent Location Current Location Date acquired Full call number Barcode Date last seen Price effective from Koha item type
        Indian Institute of Public Administration Indian Institute of Public Administration 2018-08-04 W03x54 In2/1959b GG33110 2018-08-04 2018-08-04 GG

Powered by Koha